[Event "91st GER-ch 2020"]
[Site "Magdeburg"]
[Date "2020.08.18"]
[Round "4.7"]
[White "Dubiel, Jacek"]
[Black "Muckle, Julius"]
[Result "1/2-1/2"]
[WhiteElo "2414"]
[BlackElo "2386"]
[Annotator "ChessBase"]
[PlyCount "62"]
[EventDate "2020.08.16"]
[EventType "swiss"]
[EventCountry "GER"]
[SourceTitle "playchess.com"]
[Source "ChessBase"]
[SourceQuality "1"]
[TimeControl "40/5400+30:1800+30"]

1. e4 {[%emt 0:00:00]} e6 {[%emt 0:00:00]} 2. d4 {[%emt 0:00:00]} d5 {[%emt 0:00:00]} 3. Nd2 {[%emt 0:00:00]} c5 {[%emt 0:00:00]} 4. exd5 {[%emt 0:00:03]} exd5 {[%emt 0:00:00]} 5. Ngf3 {[%emt 0:00:17]} Nc6 {[%emt 0:00:07]} 6. Bb5 {[%emt 0:00:22]} Bd6 {[%emt 0:00:04]} 7. O-O {[%emt 0:00:26]} Nge7 {[%emt 0:00:05]} 8. dxc5 {[%emt 0:00:22]} Bxc5 {[%emt 0:00:02]} 9. Nb3 {[%emt 0:00:27]} Bd6 {[%emt 0:00:06]} 10. Re1 {[%emt 0:10:27]} O-O {[%emt 0:00:30]} 11. Nfd4 {[%emt 0:10:06]} Qc7 {[%emt 0:31:27]} 12. h3 {[%emt 0:01:00]} Bd7 {[%emt 0:00:45]} 13. c3 {[%emt 0:13:30]} Rfe8 {[%emt 0:00:48]} 14. Bd3 {[%emt 0:10:17]} a6 {[%emt 0:01:15]} 15. Qc2 {[%emt 0:03:48]} Ng6 {[%emt 0:01:40]} 16. Rxe8+ {[%emt 0:05:56]} Rxe8 {[%emt 0:00:50]} 17. Bd2 {[%emt 0:00:11]} Nce5 {[%emt 0:00:37]} 18. Re1 {[%emt 0:01:18]} Qc8 {[%emt 0:01:46]} 19. Bf1 {[%emt 0:04:15]} Nc4 {[%emt 0:02:06]} 20. Rxe8+ {[%emt 0:03:36]} Qxe8 {[%emt 0:00:12]} 21. Bc1 {[%emt 0:02:02]} Nf4 {[%emt 0:17:52]} 22. Nf5 {[%emt 0:06:30]} Bxf5 {[%emt 0:19:10]} 23. Qxf5 {[%emt 0:00:09]} Ne2+ {[%emt 0:00:33]} 24. Bxe2 {[%emt 0:02:58]} Qxe2 {[%emt 0:00:02]} 25. g3 {[%emt 0:05:07]} Ne5 {[%emt 0:03:11]} 26. Qc8+ {[%emt 0:05:44]} Bf8 {[%emt 0:00:01]} 27. Be3 {[%emt 0:04:46]} Nf3+ {[%emt 0:00:36]} 28. Kg2 {[%emt 0:00:05]} Ne1+ {[%emt 0:00:07]} 29. Kg1 {[%emt 0:00:06]} Nf3+ {[%emt 0:04:50]} 30. Kg2 {[%emt 0:00:04]} Ne1+ {[%emt 0:00:06]} 31. Kg1 {[%emt 0:00:05]} Nf3+ 1/2-1/2

[Event "91st GER-ch 2020"]
[Site "Magdeburg"]
[Date "2020.08.18"]
[Round "4.8"]
[White "Bindrich, Falko"]
[Black "Neurohr, Juergen"]
[Result "1-0"]
[WhiteElo "2605"]
[BlackElo "2022"]
[Annotator "TA"]
[PlyCount "37"]
[EventDate "2020.08.16"]
[EventType "swiss"]
[EventCountry "GER"]
[SourceTitle "playchess.com"]
[Source "ChessBase"]
[SourceQuality "1"]

{[%evp 20,37,14,15,6,16,21,10,25,12,20,22,19,22,194,177,425,432,426,414]} 1. Nf3 Nf6 2. c4 g6 3. b3 Bg7 4. Bb2 O-O 5. g3 d6 6. d4 e5 7. dxe5 Nfd7 8. Bg2 Nxe5 9. Nxe5 dxe5 10. Nc3 c6 11. O-O Qc7 {[#] A49: 1 d4 Nf6 2 Nf3 g6 3 g3: Anti-King's Indian systems.} 12. Qd2 $146 ({Predecessor:} 12. Qc1 Rd8 13. Rd1 Rxd1+ 14. Qxd1 Be6 15. Qd2 a5 16. Rd1 Na6 17. h4 h6 18. h5 gxh5 19. Bf3 {1-0 (45) Cerveny,M (2350)-Gross,D (2382) Czech Republic 2019}) 12... Rd8 13. Qe3 Na6 {The position is equal.} 14. Rad1 Rxd1 15. Rxd1 Bf5 16. h3 $36 {[%mdl 2048] White has some pressure.} Bf8 $2 {[#]} (16... h5 $1 $11 {and Black stays safe.}) 17. g4 $1 $18 {[%cal Rg4f5]} Bc5 $2 (17... Be6 {was necessary.} 18. Ne4 Bg7) 18. Qg3 Be6 19. Ne4 {White took control after the opening. Accuracy: White = 100%, Black = 46%.} 1-0

[Event "91st GER-ch 2020"]
[Site "Magdeburg"]
[Date "2020.08.18"]
[Round "4.9"]
[White "Mons, Leon"]
[Black "Braun, Georg"]
[Result "1/2-1/2"]
[WhiteElo "2540"]
[BlackElo "2360"]
[Annotator "ChessBase"]
[PlyCount "94"]
[EventDate "2020.08.16"]
[EventType "swiss"]
[EventCountry "GER"]
[SourceTitle "playchess.com"]
[Source "ChessBase"]
[SourceQuality "1"]
[TimeControl "40/5400+30:1800+30"]

1. d4 {[%emt 0:00:00]} Nf6 {[%emt 0:00:00]} 2. c4 {[%emt 0:00:00]} e6 {[%emt 0:00:23]} 3. Nf3 {[%emt 0:00:40]} d5 {[%emt 0:00:11]} 4. Bg5 {[%emt 0:00:47]} h6 {[%emt 0:00:48]} 5. Bxf6 {[%emt 0:03:42]} Qxf6 {[%emt 0:00:10]} 6. g3 {[%emt 0:01:30]} c6 {[%emt 0:10:41]} 7. Nbd2 {[%emt 0:04:15]} Nd7 {[%emt 0:03:19]} 8. Bg2 {[%emt 0:00:24]} dxc4 {[%emt 0:05:38]} 9. O-O {[%emt 0:01:36]} Nb6 {[%emt 0:03:18]} 10. Qc2 {[%emt 0:02:17]} Bd6 {[%emt 0:06:20]} 11. Nxc4 {[%emt 0:04:31]} Nxc4 {[%emt 0:00:18]} 12. Qxc4 {[%emt 0:00:04]} O-O {[%emt 0:00:42]} 13. e4 {[%emt 0:08:07]} e5 {[%emt 0:02:35]} 14. dxe5 {[%emt 0:00:59]} Bxe5 {[%emt 0:00:07]} 15. Nxe5 {[%emt 0:00:09]} Qxe5 {[%emt 0:00:07]} 16. Qb4 {[%emt 0:02:20]} a5 {[%emt 0:02:20]} 17. Qd2 {[%emt 0:08:01]} Be6 {[%emt 0:01:14]} 18. Rfd1 {[%emt 0:04:16]} Qc5 {[%emt 0:06:40]} 19. b3 {[%emt 0:06:45]} Bg4 {[%emt 0:08:16]} 20. Rac1 {[%emt 0:05:27]} Qb6 {[%emt 0:04:54]} 21. Qd4 {[%emt 0:04:22]} Qxd4 {[%emt 0:01:41]} 22. Rxd4 {[%emt 0:00:08]} Rfd8 {[%emt 0:00:26]} 23. Rxd8+ {[%emt 0:00:32]} Rxd8 {[%emt 0:00:08]} 24. h3 Be6 {[%emt 0:02:27]} 25. Rc5 {[%emt 0:01:03]} Rd1+ {[%emt 0:06:22]} 26. Kh2 {[%emt 0:00:06]} Rd2 {[%emt 0:04:10]} 27. Rxa5 {[%emt 0:00:30]} Rxf2 {[%emt 0:00:07]} 28. Ra7 {[%emt 0:02:45]} b5 {[%emt 0:02:16]} 29. g4 {[%emt 0:05:26]} Rc2 {[%emt 0:01:26]} 30. Kg3 {[%emt 0:00:43]} g5 {[%emt 0:00:52]} 31. e5 {[%emt 0:01:24]} Rc3+ {[%emt 0:04:06]} 32. Kh2 {[%emt 0:02:06]} c5 {[%emt 0:01:14]} 33. Bb7 {[%emt 0:13:56]} b4 {[%emt 0:05:01]} 34. Bc8 {[%emt 0:01:22]} Re3 {[%emt 0:06:56]} 35. Bxe6 {[%emt 0:00:16]} fxe6 {[%emt 0:00:06]} 36. Kg2 {[%emt 0:02:21]} Rxe5 {[%emt 0:00:39]} 37. Kf3 {[%emt 0:01:24]} Kh8 {[%emt 0:04:07]} 38. Rc7 {[%emt 0:00:42]} Kg8 {[%emt 0:00:16]} 39. Ra7 {[%emt 0:00:16]} Re1 {[%emt 0:01:37]} 40. Rc7 {[%emt 0:00:53]} Rh1 {[%emt 0:01:53]} 41. Ke4 {[%emt 0:34:47]} Rxh3 {[%emt 0:31:33]} 42. Ke5 {[%emt 0:00:17]} Rf3 {[%emt 0:00:00]} 43. Kxe6 {[%emt 0:00:00]} Rf4 {[%emt 0:00:00]} 44. Rxc5 {[%emt 0:00:00]} Rxg4 {[%emt 0:00:00]} 45. Kf6 {[%emt 0:00:00]} Rd4 {[%emt 0:00:00]} 46. Rc8+ {[%emt 0:00:00]} Kh7 {[%emt 0:00:00]} 47. Rc7+ {[%emt 0:00:00]} Kg8 {[%emt 0:00:00]} 1/2-1/2

[Event "91st GER-ch 2020"]
[Site "Magdeburg"]
[Date "2020.08.18"]
[Round "4.10"]
[White "Miller, Eduard"]
[Black "Gustain, Marc"]
[Result "1-0"]
[WhiteElo "2392"]
[BlackElo "2173"]
[Annotator "ChessBase"]
[PlyCount "75"]
[EventDate "2020.08.16"]
[EventType "swiss"]
[EventCountry "GER"]
[SourceTitle "playchess.com"]
[Source "ChessBase"]
[SourceQuality "1"]
[TimeControl "40/5400+30:1800+30"]

1. e4 {[%emt 0:02:51]} d5 {[%emt 0:00:00]} 2. exd5 {[%emt 0:00:12]} Qxd5 {[%emt 0:00:00]} 3. Nf3 {[%emt 0:00:08]} Bg4 {[%emt 0:00:00]} 4. Be2 {[%emt 0:00:04]} Nc6 {[%emt 0:00:00]} 5. d4 {[%emt 0:00:06]} O-O-O {[%emt 0:00:20]} 6. c4 {[%emt 0:00:07]} Qf5 {[%emt 0:03:44]} 7. Be3 {[%emt 0:02:59]} Bxf3 {[%emt 0:01:15]} 8. Bxf3 {[%emt 0:00:04]} Nxd4 {[%emt 0:00:41]} 9. Bxd4 {[%emt 0:00:05]} Qe6+ {[%emt 0:00:22]} 10. Be2 {[%emt 0:00:04]} Nf6 {[%emt 0:01:58]} 11. Qa4 {[%emt 0:01:40]} Rxd4 {[%emt 0:01:22]} 12. Qxa7 {[%emt 0:00:05]} Qb6 {[%emt 0:02:01]} 13. Qa8+ {[%emt 0:01:40]} Kd7 {[%emt 0:00:12]} 14. Qa4+ {[%emt 0:00:03]} c6 {[%emt 0:07:19]} 15. Qc2 {[%emt 0:07:41]} e6 {[%emt 0:03:27]} 16. O-O {[%emt 0:06:36]} Be7 {[%emt 0:02:11]} 17. Nd2 {[%emt 0:02:35]} Kc8 {[%emt 0:06:13]} 18. Nf3 {[%emt 0:06:58]} Rdd8 {[%emt 0:01:27]} 19. a3 {[%emt 0:04:51]} Nd7 {[%emt 0:05:39]} 20. b4 {[%emt 0:00:52]} Bf6 {[%emt 0:01:15]} 21. Rab1 {[%emt 0:02:43]} Ne5 {[%emt 0:09:15]} 22. c5 {[%emt 0:01:10]} Qc7 {[%emt 0:00:47]} 23. b5 {[%emt 0:01:45]} Rd5 {[%emt 0:05:10]} 24. Nxe5 {[%emt 0:06:41]} Bxe5 {[%emt 0:04:24]} 25. bxc6 {[%emt 0:05:30]} Bxh2+ {[%emt 0:03:49]} 26. Kh1 {[%emt 0:00:11]} bxc6 {[%emt 0:00:19]} 27. Qa4 {[%emt 0:05:06]} Kd7 {[%emt 0:06:09]} 28. Bf3 {[%emt 0:02:07]} Rxc5 {[%emt 0:02:52]} 29. Rfd1+ {[%emt 0:00:24]} Bd6 {[%emt 0:02:13]} 30. Qf4 {[%emt 0:12:57]} Rd5 {[%emt 0:25:21]} 31. Qxf7+ {[%emt 0:05:52]} Kd8 {[%emt 0:00:53]} 32. Qxe6 {[%emt 0:00:12]} Re8 {[%emt 0:00:21]} 33. Qg4 {[%emt 0:00:37]} Rxd1+ {[%emt 0:01:32]} 34. Rxd1 {[%emt 0:00:03]} Qe7 {[%emt 0:00:29]} 35. g3 {[%emt 0:00:54]} Qe6 {[%emt 0:02:44]} 36. Qg5+ {[%emt 0:01:19]} Re7 {[%emt 0:00:38]} 37. Qa5+ {[%emt 0:07:18]} Ke8 {[%emt 0:01:32]} 38. Bxc6+ {[%emt 0:00:18]} 1-0

[Event "91st GER-ch 2020"]
[Site "Magdeburg"]
[Date "2020.08.18"]
[Round "4.11"]
[White "Hess, Max"]
[Black "Weber, Max"]
[Result "1-0"]
[WhiteElo "2378"]
[BlackElo "2243"]
[Annotator "ChessBase"]
[PlyCount "37"]
[EventDate "2020.08.16"]
[EventType "swiss"]
[EventCountry "GER"]
[SourceTitle "playchess.com"]
[Source "ChessBase"]
[SourceQuality "1"]
[TimeControl "40/5400+30:1800+30"]

1. e4 {[%emt 0:00:38]} c5 {[%emt 0:00:00]} 2. Nf3 {[%emt 0:00:05]} e6 {[%emt 0:00:03]} 3. d4 {[%emt 0:00:36]} cxd4 {[%emt 0:00:21]} 4. Nxd4 {[%emt 0:00:06]} Nc6 {[%emt 0:00:07]} 5. Nc3 {[%emt 0:00:16]} Qc7 {[%emt 0:00:12]} 6. Be3 {[%emt 0:00:10]} a6 {[%emt 0:00:10]} 7. a3 {[%emt 0:00:42]} b5 {[%emt 0:04:49]} 8. Nxc6 {[%emt 0:00:34]} Qxc6 {[%emt 0:05:40]} 9. Be2 {[%emt 0:00:21]} Bb7 {[%emt 0:07:13]} 10. O-O {[%emt 0:03:40]} Rc8 {[%emt 0:08:14]} 11. Qd2 {[%emt 0:11:37]} Bc5 {[%emt 0:15:00]} 12. Rfd1 {[%emt 0:03:36]} Nf6 {[%emt 0:04:30]} 13. Bf3 {[%emt 0:07:25]} Bxe3 {[%emt 0:04:33]} 14. Qxe3 {[%emt 0:01:00]} e5 {[%emt 0:02:50]} 15. Qg5 {[%emt 0:02:11]} Qc5 {[%emt 0:04:50]} 16. Qxg7 {[%emt 0:04:02]} Ke7 {[%emt 0:00:08]} 17. Rd5 {[%emt 0:15:10]} Rhg8 {[%emt 0:08:52]} 18. Rxc5 {[%emt 0:01:16]} Rxg7 {[%emt 0:00:13]} 19. Rxe5+ {[%emt 0:00:14]} 1-0

[Event "91st GER-ch 2020"]
[Site "Magdeburg"]
[Date "2020.08.18"]
[Round "4.12"]
[White "Geue, Niklas"]
[Black "Koellner, Ruben Gideon"]
[Result "1-0"]
[WhiteElo "2050"]
[BlackElo "2376"]
[Annotator "ChessBase"]
[PlyCount "127"]
[EventDate "2020.08.16"]
[EventType "swiss"]
[EventCountry "GER"]
[SourceTitle "playchess.com"]
[Source "ChessBase"]
[SourceQuality "1"]
[TimeControl "40/5400+30:1800+30"]

1. Nf3 {[%emt 0:00:00]} Nf6 {[%emt 0:00:00]} 2. g3 {[%emt 0:00:00]} d5 {[%emt 0:00:00]} 3. Bg2 {[%emt 0:00:10]} Nbd7 {[%emt 0:00:01]} 4. d4 {[%emt 0:00:07]} b5 {[%emt 0:00:12]} 5. O-O {[%emt 0:00:11]} e6 {[%emt 0:00:04]} 6. b3 {[%emt 0:00:33]} Bb7 {[%emt 0:00:47]} 7. c4 {[%emt 0:01:45]} dxc4 {[%emt 0:01:18]} 8. bxc4 {[%emt 0:00:20]} bxc4 {[%emt 0:03:26]} 9. Na3 {[%emt 0:00:36]} Nb6 {[%emt 0:01:46]} 10. Nxc4 {[%emt 0:01:11]} c5 {[%emt 0:02:19]} 11. Ba3 {[%emt 0:08:08]} Rc8 {[%emt 0:05:00]} 12. Rc1 {[%emt 0:08:53]} cxd4 {[%emt 0:10:20]} 13. Bxf8 {[%emt 0:02:49]} Kxf8 {[%emt 0:00:21]} 14. Nce5 {[%emt 0:04:54]} Rxc1 {[%emt 0:11:55]} 15. Qxc1 {[%emt 0:00:05]} Bxf3 {[%emt 0:00:52]} 16. Bxf3 {[%emt 0:06:16]} Qd6 {[%emt 0:00:59]} 17. Qf4 {[%emt 0:00:41]} Ke7 {[%emt 0:06:58]} 18. Rd1 {[%emt 0:02:17]} Rc8 {[%emt 0:00:58]} 19. Rxd4 {[%emt 0:01:44]} Qc5 {[%emt 0:00:10]} 20. Nd3 {[%emt 0:09:55]} g5 {[%emt 0:07:03]} 21. Qe3 {[%emt 0:07:17]} Nc4 {[%emt 0:00:30]} 22. Nxc5 {[%emt 0:01:44]} Nxe3 {[%emt 0:00:05]} 23. Ra4 {[%emt 0:03:25]} Rxc5 {[%emt 0:05:12]} 24. Rxa7+ {[%emt 0:00:20]} Nd7 {[%emt 0:00:03]} 25. fxe3 {[%emt 0:00:09]} f5 {[%emt 0:01:06]} 26. g4 {[%emt 0:06:28]} Kd6 {[%emt 0:02:56]} 27. a4 {[%emt 0:01:58]} Nf6 {[%emt 0:01:02]} 28. gxf5 {[%emt 0:02:15]} exf5 {[%emt 0:01:49]} 29. a5 {[%emt 0:00:22]} Ne4 {[%emt 0:06:47]} 30. a6 {[%emt 0:01:02]} Rc7 {[%emt 0:03:54]} 31. Ra8 {[%emt 0:03:45]} Kc5 {[%emt 0:21:51]} 32. Rf8 {[%emt 0:09:33]} Kb6 {[%emt 0:01:34]} 33. Rxf5 {[%emt 0:00:35]} Nc5 {[%emt 0:00:02]} 34. Rxg5 {[%emt 0:01:30]} Kxa6 {[%emt 0:00:04]} 35. Kf2 {[%emt 0:02:13]} Kb6 {[%emt 0:00:03]} 36. Bd5 {[%emt 0:02:18]} Re7 {[%emt 0:00:34]} 37. Kf3 {[%emt 0:00:56]} Kc7 {[%emt 0:00:20]} 38. e4 {[%emt 0:01:14]} Kd6 {[%emt 0:00:21]} 39. Kf4 {[%emt 0:02:01]} Nd7 {[%emt 0:01:39]} 40. Rh5 {[%emt 0:01:45]} Rg7 {[%emt 0:01:22]} 41. Rh6+ {[%emt 0:32:37]} Ke7 {[%emt 0:30:07]} 42. e5 {[%emt 0:00:47]} Nf8 {[%emt 0:00:05]} 43. Ra6 {[%emt 0:03:39]} Ng6+ {[%emt 0:00:25]} 44. Ke4 {[%emt 0:00:17]} Nh4 {[%emt 0:01:19]} 45. h3 {[%emt 0:00:00]} Ng6 {[%emt 0:00:00]} 46. Ra7+ {[%emt 0:00:00]} Kf8 {[%emt 0:00:00]} 47. Ra8+ {[%emt 0:00:00]} Ke7 {[%emt 0:00:00]} 48. e3 {[%emt 0:00:00]} Nh4 {[%emt 0:00:00]} 49. e6 {[%emt 0:00:00]} Ng6 {[%emt 0:00:00]} 50. Rb8 {[%emt 0:00:00]} Kf6 {[%emt 0:00:00]} 51. Rb1 {[%emt 0:00:00]} Ke7 {[%emt 0:00:00]} 52. Rb7+ {[%emt 0:00:00]} Kf8 {[%emt 0:00:00]} 53. Rf7+ {[%emt 0:00:00]} Rxf7 {[%emt 0:00:00]} 54. exf7 {[%emt 0:00:00]} Ne7 {[%emt 0:00:00]} 55. Ke5 {[%emt 0:00:00]} Nxd5 {[%emt 0:00:00]} 56. Kxd5 {[%emt 0:00:00]} Kxf7 {[%emt 0:00:00]} 57. Kd6 {[%emt 0:00:00]} Kf6 {[%emt 0:00:00]} 58. e4 {[%emt 0:00:00]} Kf7 {[%emt 0:00:00]} 59. e5 {[%emt 0:00:00]} Ke8 {[%emt 0:00:00]} 60. Ke6 {[%emt 0:00:00]} h6 {[%emt 0:00:00]} 61. h4 {[%emt 0:00:00]} h5 {[%emt 0:00:00]} 62. Kf6 {[%emt 0:00:00]} Kf8 {[%emt 0:00:00]} 63. e6 {[%emt 0:00:00]} Ke8 {[%emt 0:00:00]} 64. e7 {[%emt 0:00:00]} 1-0

[Event "91st GER-ch 2020"]
[Site "Magdeburg"]
[Date "2020.08.18"]
[Round "4.13"]
[White "Stern, Rene"]
[Black "Schulz, Lukas"]
[Result "1-0"]
[WhiteElo "2526"]
[BlackElo "2293"]
[Annotator "ChessBase"]
[PlyCount "69"]
[EventDate "2020.08.16"]
[EventType "swiss"]
[EventCountry "GER"]
[SourceTitle "playchess.com"]
[Source "ChessBase"]
[SourceQuality "1"]
[TimeControl "40/5400+30:1800+30"]

1. Nf3 {[%emt 0:00:00]} Nf6 {[%emt 0:00:00]} 2. c4 {[%emt 0:00:00]} g6 {[%emt 0:00:00]} 3. Nc3 {[%emt 0:00:00]} Bg7 {[%emt 0:00:10]} 4. e4 {[%emt 0:00:00]} d6 {[%emt 0:00:15]} 5. d4 {[%emt 0:00:00]} O-O {[%emt 0:00:06]} 6. Bd3 {[%emt 0:00:00]} e5 {[%emt 0:04:50]} 7. d5 {[%emt 0:00:22]} Nbd7 {[%emt 0:01:33]} 8. h3 {[%emt 0:00:23]} Nc5 {[%emt 0:02:43]} 9. Bc2 {[%emt 0:00:06]} a5 {[%emt 0:01:27]} 10. Be3 {[%emt 0:03:01]} Nfd7 {[%emt 0:03:27]} 11. g4 {[%emt 0:03:50]} Nb6 {[%emt 0:03:23]} 12. Qe2 {[%emt 0:05:17]} Bd7 {[%emt 0:06:03]} 13. O-O-O {[%emt 0:02:16]} a4 {[%emt 0:07:25]} 14. a3 {[%emt 0:01:46]} Qb8 {[%emt 0:03:57]} 15. Nd2 {[%emt 0:13:02]} c6 {[%emt 0:07:33]} 16. Kb1 {[%emt 0:00:21]} cxd5 {[%emt 0:07:47]} 17. cxd5 {[%emt 0:00:06]} Rc8 {[%emt 0:00:38]} 18. h4 {[%emt 0:02:41]} h6 {[%emt 0:04:13]} 19. h5 {[%emt 0:05:02]} g5 {[%emt 0:00:05]} 20. f3 {[%emt 0:01:13]} Ra7 {[%emt 0:05:58]} 21. Bd3 {[%emt 0:08:11]} Na8 {[%emt 0:05:27]} 22. Bb5 {[%emt 0:00:43]} Ra5 {[%emt 0:04:25]} 23. Bxd7 {[%emt 0:05:54]} Nxd7 {[%emt 0:00:04]} 24. Nc4 {[%emt 0:01:10]} Ra6 {[%emt 0:00:10]} 25. Na2 {[%emt 0:01:08]} Nc5 {[%emt 0:06:09]} 26. Nb4 {[%emt 0:00:32]} Ra7 {[%emt 0:00:35]} 27. Rc1 {[%emt 0:00:58]} Qc7 {[%emt 0:08:00]} 28. Rc3 {[%emt 0:04:03]} Nb6 {[%emt 0:01:07]} 29. Bxc5 {[%emt 0:14:08]} dxc5 {[%emt 0:00:37]} 30. d6 {[%emt 0:00:44]} Qd8 {[%emt 0:00:33]} 31. Nxb6 {[%emt 0:01:15]} Qxb6 {[%emt 0:00:06]} 32. d7 {[%emt 0:01:43]} Rd8 {[%emt 0:01:33]} 33. Nd5 {[%emt 0:00:10]} Qa5 {[%emt 0:02:33]} 34. Rd1 {[%emt 0:10:22]} b6 {[%emt 0:01:45]} 35. Ne7+ {[%emt 0:00:22]} 1-0

[Event "91st GER-ch 2020"]
[Site "Magdeburg"]
[Date "2020.08.18"]
[Round "4.14"]
[White "Hundack, Rolf"]
[Black "Nguyen, Alex Dac-Vuong"]
[Result "1/2-1/2"]
[WhiteElo "2126"]
[BlackElo "2366"]
[Annotator "TA"]
[PlyCount "173"]
[EventDate "2020.08.16"]
[EventType "swiss"]
[EventCountry "GER"]
[SourceTitle "playchess.com"]
[Source "ChessBase"]
[SourceQuality "1"]

{[%evp 20,173,18,12,21,6,25,-10,8,-7,38,18,14,7,25,0,8,0,0,-2,-10,0,0,0,0,0,0,0,0,0,66,72,118,83,83,64,111,74,87,71,91,62,79,0,0,0,0,0,0,-17,-16,-34,-23,-26,-26,-22,-27,-29,-27,-21,-30,-31,-11,-11,-11,-23,-29,-22,-11,-11,-11,-11,-11,-28,-11,-26,-11,-12,0,0,0,-33,0,0,0,0,0,-27,0,0,0,0,0,0,0,0,0,0,0,0,0,0,0,0,0,0,0,0,0,0,0,0,0,-5,0,0,0,0,0,0,0,0,0,0,0,0,0,0,0,0,0,0,0,0,0,0,0,0,0,0,0,0,0,0,0,0,0,0,0,0,0,0,0,0,0,0]} 1. d4 Nf6 2. Nf3 e6 3. e3 c5 4. Bd3 Nc6 5. O-O d5 6. c3 Bd6 7. Nbd2 O-O 8. e4 cxd4 9. cxd4 Nb4 10. Bb1 dxe4 11. Nxe4 Nxe4 {D05: Colle System with ...e6.} 12. Bxe4 f5 13. Bd3 {[#]} Qd7 $146 ({Predecessor:} 13... Nxd3 14. Qxd3 Qa5 15. Qb3 Qd5 16. Qxd5 exd5 17. Ne5 Be6 18. Bf4 Rac8 19. Rac1 Be7 {½-½ (36) Fortuny,M (2056)-Weber,K (2255) ICCF email 2008}) 14. Re1 Re8 15. Bf1 b6 16. a3 Nd5 17. Qb3 Bb7 18. Bb5 Bc6 19. Bxc6 Qxc6 20. Bd2 h6 21. Rac1 $36 {[%mdl 2048] White has some pressure.} Qd7 22. Re2 Rac8 23. Rce1 Rc6 24. Nh4 Rec8 {[#]} (24... Qf7 $11) 25. Nxf5 $1 $14 {[%mdl 512]} Bb8 (25... exf5 26. Qxd5+) 26. Ng3 (26. g3 {looks sharper.} Bc7 27. Ne3 Rf8 28. Qb5 Nxe3 29. Rxe3 Qd5 30. Qxd5 exd5 31. Bb4) 26... Qf7 27. Qd3 Rf8 28. Qe4 Rd6 29. Be3 Nf6 30. Qh4 Rd5 31. Ne4 (31. Bd2 $16) 31... Bxh2+ $1 $11 32. Qxh2 {[#] Threatens to win with Nxf6+.} ({But not} 32. Kxh2 Rh5 $17) 32... Nxe4 33. Qh4 Nd6 34. Qg4 Qf5 35. Qh4 Qg6 36. Qg3 Qxg3 37. fxg3 Nf5 38. Bf2 Nxd4 39. Bxd4 Rxd4 40. Rxe6 {[%mdl 4096] Endgame KRR-KRR} Rd2 41. R1e2 Rfd8 42. Re7 Rxe2 43. Rxe2 {KR-KR} Rd3 44. Kh2 a5 45. Kh3 Kf7 46. Kg4 Kf6 47. Rc2 Rb3 48. Kf4 h5 49. Rc6+ Kf7 50. Rc7+ Kg6 51. Rc6+ Kh7 52. Rc2 Kh6 53. Rd2 g5+ 54. Kf5 {The position is equal.} Rxg3 55. Rd6+ Kh7 56. Rxb6 h4 57. Rb7+ Kg8 58. Kg6 {[%cal Rb7b8]} Kf8 59. Rf7+ Ke8 60. Rf2 a4 61. Rd2 Ke7 62. Kf5 g4 63. Ke5 h3 64. gxh3 gxh3 65. Rh2 Kd7 66. Kd5 Rg5+ 67. Kc4 Rh5 68. b3 Rh4+ 69. Kc3 axb3 70. Kxb3 Ke6 71. a4 Kf5 {aiming for ...Kf4.} 72. a5 Kg4 73. a6 Kg3 (73... Rh6 $5 74. Ra2 $8 h2 75. Rxh2 Rxh2 $11) 74. a7 Rh8 75. Rh1 h2 {And now ...Kg2 would win.} (75... Ra8 $5 76. Rg1+ $8 Kf2 $11) 76. Rc1 Ra8 77. Rc3+ Kg4 (77... Kf2 $5 78. Rc2+ $8 Kg3 79. Rc3+ Kh4 80. Rc4+ Kg5 81. Rc5+ Kf6 $11) 78. Rc4+ Kf3 (78... Kg3 $5 79. Rc3+ $8 Kg2 80. Rc2+ Kh3 81. Rc3+ Kh4 82. Rc4+ Kg5 83. Rc5+ Kg6 84. Rc6+ Kg5 85. Rc5+ Kg6 86. Rc6+ Kf5 $11) 79. Rc3+ $1 Kg4 (79... Kg2 $5 80. Rc2+ $8 Kh3 81. Rc3+ Kh4 82. Rc4+ Kh3 83. Rc3+ Kh4 84. Rc4+ Kh5 $11) 80. Rc4+ Kg5 (80... Kf3 $5 81. Rc3+ $8 Kf4 $11) 81. Rc5+ Kg6 (81... Kg4 $5 82. Rc4+ $8 $11) 82. Rc6+ Kg7 (82... Kg5 $5 83. Rc5+ $8 Kh6 84. Rc6+ Kg7 $11) 83. Rc1 Rxa7 84. Rh1 Rb7+ 85. Kc3 Rc7+ 86. Kd3 Rd7+ 87. Ke3 {Accuracy: White = 90%, Black = 91%.} 1/2-1/2

[Event "91st GER-ch 2020"]
[Site "Magdeburg"]
[Date "2020.08.18"]
[Round "4.15"]
[White "Ehmann, Thilo"]
[Black "Voege, Tobias"]
[Result "1/2-1/2"]
[WhiteElo "2329"]
[BlackElo "2326"]
[Annotator "ChessBase"]
[PlyCount "80"]
[EventDate "2020.08.16"]
[EventType "swiss"]
[EventCountry "GER"]
[SourceTitle "playchess.com"]
[Source "ChessBase"]
[SourceQuality "1"]
[TimeControl "40/5400+30:1800+30"]

1. e4 {[%emt 0:00:00]} c5 {[%emt 0:00:00]} 2. Nf3 {[%emt 0:00:00]} Nc6 {[%emt 0:00:14]} 3. d4 {[%emt 0:00:00]} cxd4 {[%emt 0:00:03]} 4. Nxd4 {[%emt 0:00:00]} g6 {[%emt 0:00:25]} 5. c4 {[%emt 0:00:00]} Bg7 {[%emt 0:00:04]} 6. Be3 {[%emt 0:00:01]} Nf6 {[%emt 0:00:04]} 7. Nc3 {[%emt 0:00:03]} O-O {[%emt 0:00:06]} 8. Be2 {[%emt 0:00:12]} d6 {[%emt 0:00:05]} 9. Qd2 {[%emt 0:00:22]} Ng4 {[%emt 0:07:36]} 10. Bxg4 {[%emt 0:00:57]} Bxg4 {[%emt 0:00:33]} 11. f3 {[%emt 0:00:35]} Nxd4 {[%emt 0:04:45]} 12. Bxd4 {[%emt 0:00:05]} Be6 {[%emt 0:04:32]} 13. b3 {[%emt 0:01:26]} Bxd4 {[%emt 0:07:14]} 14. Qxd4 {[%emt 0:00:10]} Qa5 {[%emt 0:00:28]} 15. O-O {[%emt 0:05:14]} Qc5 {[%emt 0:08:48]} 16. Qxc5 {[%emt 0:01:19]} dxc5 {[%emt 0:00:11]} 17. Nd5 {[%emt 0:08:32]} Bxd5 {[%emt 0:00:49]} 18. exd5 {[%emt 0:00:45]} Rfd8 {[%emt 0:02:52]} 19. Rae1 {[%emt 0:00:52]} Kf8 {[%emt 0:00:56]} 20. f4 {[%emt 0:01:05]} a6 {[%emt 0:10:34]} 21. f5 {[%emt 0:02:05]} Rd6 {[%emt 0:00:38]} 22. g4 {[%emt 0:19:41]} b5 {[%emt 0:10:48]} 23. g5 {[%emt 0:00:54]} bxc4 {[%emt 0:03:52]} 24. bxc4 {[%emt 0:00:08]} Rb8 {[%emt 0:00:14]} 25. f6 {[%emt 0:00:30]} exf6 {[%emt 0:04:56]} 26. Rxf6 {[%emt 0:00:34]} Rxf6 {[%emt 0:04:31]} 27. gxf6 {[%emt 0:00:13]} Rb6 {[%emt 0:00:11]} 28. Re7 {[%emt 0:00:13]} Rxf6 {[%emt 0:00:13]} 29. Rc7 {[%emt 0:00:04]} Rf3 {[%emt 0:01:08]} 30. Rxc5 {[%emt 0:01:06]} Ra3 {[%emt 0:01:00]} 31. Rc8+ {[%emt 0:18:51]} Ke7 {[%emt 0:00:22]} 32. c5 {[%emt 0:07:58]} Rxa2 {[%emt 0:04:41]} 33. d6+ {[%emt 0:08:04]} Kd7 {[%emt 0:05:44]} 34. Rc7+ {[%emt 0:00:22]} Kd8 {[%emt 0:00:34]} 35. c6 {[%emt 0:02:28]} Rc2 {[%emt 0:00:43]} 36. Rd7+ {[%emt 0:00:24]} Kc8 {[%emt 0:00:10]} 37. Rc7+ {[%emt 0:00:11]} Kd8 {[%emt 0:00:14]} 38. Kf1 {[%emt 0:00:26]} a5 {[%emt 0:00:44]} 39. Rd7+ {[%emt 0:00:11]} Kc8 {[%emt 0:00:05]} 40. Rc7+ {[%emt 0:00:04]} Kd8 {[%emt 0:00:11]} 1/2-1/2